000 00783cam a2200277 4500
001 22157
003 BD-RjUL
005 20211209000756.0
008 140306t1981 ii k 001 0 eng
035 _a(BD-RjUL)22222
040 _aDLC
_cDLC
_dDLC
_dBD-RjUL
_beng
041 _aeng
082 0 0 _a347.5405
_bMAG 1981
100 1 _aMallick, M.R.
_968389
245 0 0 _aGanguly's Civil court practice & procedure /
_cM.R. Mallick.
250 _a10th ed.
260 _aCalcutta :
_bEastern Law House,
_c1981.
300 _a1261 p. ;
_c25 cm.
500 _aIncludes legislation.
504 _aincludes index.
650 0 _aCivil procedure
_zIndia.
_914779
942 _2ddc
_cBK
999 _c22157
_d22157